000 00868nam a22002057a 4500
005 20250623171446.0
010 _aB-768344-358 BACEN25
020 _c315.00
_a9789359980485
035 _aB-768344-358
037 _bpragati
082 _a540
100 _aBajpai,Jaya
_982236
245 _aArihant's 37 Years NEET:
_bChemistry- chapterwise-topicwise solution(2024-1988)/
_cby Jaya bajpai
260 _aNew Delhi
_bArihant Publications
_c2024
270 _aRamchhaya 4577/15, Agarwal Road,Darya Ganj,
_bNew Delhi
_e110002
300 _a287p.
_c28cm(pbk)
500 _achapterwise-topicwise-2024-1990
942 _2ddc
_cEN
_h540
_mBAJ
999 _c209250
_d209250